000 00377nam a2200145Ia 4500
008 230917s9999||||xx |||||||||||||| ||und||
040 _e110957
_aMAIN
041 _aEnglish
082 _a515.35 A75B
100 _aAgoshkov, Valeri
245 0 _aBoundary value problems for transport equations
260 _aBoston
_bBirkhauser
_c1998
300 _axvii, 278 p.
942 _cBK
999 _c136162
_d136162